Italian Surnames - Sudden Death #3 - Statistics

General Stats
  • This quiz has been taken 48 times
  • The average score is 4 of 15
Answers on the Grid
Answers color-coded by a green-red scale on the quiz's grid according to % correct below.
Bastianich
Motta
Silva
Milan
Frau
Becciu
Platini
Zola
Ferrer
Gambetta
Bardella
Cassini
Gai
Augello
Quondam
Minich
Rubio
Popa
Gupta
Ghali
Trevallion
Son
De Jong
De Sousa
Fritz
Mohamed
Minatozaki
Papadopoulos
Moser
Sato
 
Answer Stats
Answer % Correct
Cassini
66%
Bardella
53%
Gambetta
50%
Motta
47%
Augello
38%
Platini
34%
Milan
28%
Zola
28%
Becciu
25%
Ferrer
25%
Gai
16%
Bastianich
13%
Silva
9%
Frau
0%
Quondam
0%
No matching quizzes found
Score Distribution
Percent of People with Each Score
Percentile by Number Answered
Your Score History
You have not taken this quiz